000 01235cam a22003374a 4500
001 3574399
003 OSt
005 20140310181626.0
008 990119s1999 nyua bd 000 0 eng
010 _a 99011296
020 _a0375407030
040 _aDLC
_cDLC
_dDLC
042 _apcc
050 0 0 _aPE 1628
_b.R194 2001
082 0 0 _aREF 423
_bR15 2001
245 0 0 _aRandom House Webster's dictionary /
246 3 0 _aWebster's dictionary
250 _aClassic ed.
260 _aNew York :
_bRandom House Publishing Group,
_cc2001.
300 _axvi, 816 p., [24] p. of plates :
_bill.;
_c19 cm.
520 _a1. English language--dictionaries
521 _aBasic ed. students
541 _j1
562 _eFor circulation. 1 copy in the collection
650 0 _aEnglish language
_xDictionaries.
710 2 _aRandom House (Firm)
856 4 2 _3Publisher description
_uhttp://www.loc.gov/catdir/description/random048/99011296.html
906 _a7
_bcbc
_corignew
_d1
_eocip
_f19
_gy-gencatlg
942 _2lcc
_cBK-GR
_kREF
999 _c337
_d337